000 01075nam a2200289 i 4500
001 196758
003 ES-MaACL
005 20250804062714.0
008 241110b2016 sp ||||| |||| 00| 0 spa d
020 _a9781491274057
040 _bspa
_cES-MaACL
100 1 _9234953
_aPaier, Marcelo Guillermo,
_d1962-
_eaut
245 1 _aVerde pantano al atardecer /
_bMarcelo Guillermo Paier.
250 _aPrimera edición: 2016
260 _a[s. l.] :
_bEdiciones Croupier,
_c2016.
300 _a402 páginas ;
_c22 cm
336 _2rdacontent
_atexto
337 _2rdamedia
_asin mediación
338 _2rdacarrier
_avolumen
655 0 _aNovelas
_9234319
852 _aES-MaACL
_cDEPOJ
_jN-10245
_gDedicatoria autógrafa del autor
_hDonación: Marcelo Guilermo Paier
_xEncuadernación rústica
_9206371
903 _9234953
_aPaier, Marcelo Guillermo,
_d1962-
_ednr
942 _cMONOGRAFIA
_n0
999 _c196758
_d196758